[Event "Pan American-ch U20"]
[Site "Yucay"]
[Date "2001.07.09"]
[Round "2"]
[White "Aucay Pelaez, Mauro"]
[Black "Cubas, Jose Fernando"]
[Result "1/2-1/2"]
[WhiteElo "2164"]
[BlackElo "2290"]
[PlyCount "94"]
[EventDate "2001.07.07"]
[EventType "swiss"]
[EventRounds "11"]
[EventCountry "PER"]
[SourceTitle "EXT 2002"]
[Source "ChessBase"]
[SourceDate "2001.11.25"]
[SourceVersion "1"]
[SourceVersionDate "2001.11.25"]
[SourceQuality "1"]

1. e4 d5 2. exd5 Nf6 3. d4 Bg4 4. Bb5+ Nbd7 5. Nf3 Nxd5 6. h3 Bxf3 7. Qxf3 c6
8. Bc4 e6 9. O-O Bd6 10. Nc3 N7f6 11. Bg5 h6 12. Bd2 Qb6 13. Ne4 Nxe4 14. Qxe4
Nf6 15. Qd3 O-O 16. Bb3 Rfd8 17. Rad1 c5 18. dxc5 Bxc5 19. Qf3 Bd4 20. c3 Be5
21. Be3 Qc7 22. Rfe1 Rxd1 23. Rxd1 Rd8 24. Rxd8+ Qxd8 25. Qxb7 Qd3 26. Qa8+ Kh7
27. Qf3 Qb1+ 28. Qd1 Qxb2 29. Qc2+ Qxc2 30. Bxc2+ Kg8 31. c4 a5 32. Kf1 Kf8 33.
Bb6 Bc3 34. Ke2 Nd7 35. Kd3 Bb4 36. Bd4 Nc5+ 37. Ke3 f6 38. Bb2 Na6 39. a3 Bc5+
40. Ke2 Ke7 41. f3 Kd6 42. Kd3 e5 43. f4 exf4 44. Ke4 Be3 45. Bc3 a4 46. g3 Bc1
47. gxf4 Bxa3 1/2-1/2

[Event "Pan American-ch U20"]
[Site "Yucay"]
[Date "2001.07.10"]
[Round "3"]
[White "Cubas, Jose Fernando"]
[Black "Tournier, Matias"]
[Result "1-0"]
[WhiteElo "2290"]
[BlackElo "2135"]
[PlyCount "65"]
[EventDate "2001.07.07"]
[EventType "swiss"]
[EventRounds "11"]
[EventCountry "PER"]
[SourceTitle "EXT 2002"]
[Source "ChessBase"]
[SourceDate "2001.11.25"]
[SourceVersion "1"]
[SourceVersionDate "2001.11.25"]
[SourceQuality "1"]

1. e4 c6 2. d4 d5 3. e5 Bf5 4. c3 e6 5. Be3 Qb6 6. Qb3 Qxb3 7. axb3 Nd7 8. Nd2
c5 9. Ne2 a6 10. Nf4 cxd4 11. cxd4 Ne7 12. Be2 Nc6 13. g4 Bg6 14. h4 Bb4 15.
Rc1 h6 16. Nxg6 fxg6 17. Bd3 O-O 18. f4 Na5 19. Bc2 Rfc8 20. Ke2 Nf8 21. Nf3
Rc7 22. h5 Rac8 23. Bxg6 Nxg6 24. hxg6 Nxb3 25. Rxc7 Rxc7 26. Kd3 b5 27. f5 Be7
28. Bxh6 gxh6 29. f6 Bf8 30. g5 Rc1 31. Rh3 hxg5 32. Rh7 Bb4 33. Nxg5 1-0

[Event "Pan American-ch U20"]
[Site "Yucay"]
[Date "2001.07.11"]
[Round "5"]
[White "Cubas, Jose Fernando"]
[Black "Bittencourt, Jorge"]
[Result "1-0"]
[WhiteElo "2290"]
[BlackElo "2283"]
[PlyCount "66"]
[EventDate "2001.07.07"]
[EventType "swiss"]
[EventRounds "11"]
[EventCountry "PER"]
[SourceTitle "EXT 2002"]
[Source "ChessBase"]
[SourceDate "2001.11.25"]
[SourceVersion "1"]
[SourceVersionDate "2001.11.25"]
[SourceQuality "1"]

1. e4 c5 2. Nf3 d6 3. d4 cxd4 4. Nxd4 e6 5. Nc3 a6 6. Be3 Nf6 7. f3 Nbd7 8. Qd2
b5 9. O-O-O Bb7 10. g4 Nb6 11. Qf2 Nfd7 12. Bd3 Rc8 13. Kb1 b4 14. Nce2 Nc4 15.
Bc1 Qb6 16. Bxc4 Rxc4 17. Be3 Qc7 18. Nc1 Be7 19. g5 d5 20. exd5 Bxd5 21. Nf5
Ne5 22. Bb6 Qc6 23. Nxg7+ Kf8 24. Bd4 Bc5 25. Bxc5+ Qxc5 26. Qxc5+ Rxc5 27. Nh5
Rc8 28. Nd3 Nxf3 29. Rhf1 Nxg5 30. Ndf4 Be4 31. Rd7 Bxc2+ 32. Ka1 Bf5 33. Rfd1
Ne4 1-0

[Event "Pan American-ch U20"]
[Site "Yucay"]
[Date "2001.07.11"]
[Round "6"]
[White "Pacheco, Marco"]
[Black "Cubas, Jose Fernando"]
[Result "1-0"]
[WhiteElo "2201"]
[BlackElo "2290"]
[PlyCount "43"]
[EventDate "2001.07.07"]
[EventType "swiss"]
[EventRounds "11"]
[EventCountry "PER"]
[SourceTitle "EXT 2002"]
[Source "ChessBase"]
[SourceDate "2001.11.25"]
[SourceVersion "1"]
[SourceVersionDate "2001.11.25"]
[SourceQuality "1"]

1. Nf3 f5 2. d4 Nf6 3. c4 g6 4. g3 Bg7 5. Bg2 O-O 6. O-O d6 7. Nc3 c6 8. b3 Qc7
9. Ba3 a5 10. Rc1 Na6 11. d5 Nb4 12. Nd4 Bd7 13. Qd2 Rae8 14. Rfd1 Ng4 15. Bb2
f4 16. gxf4 Rxf4 17. Qxf4 Rf8 18. Qe4 Be5 19. Nf3 Bf5 20. Nxe5 Bxe4 21. Nxg4
Bxg2 22. Nb5 1-0

[Event "Pan American-ch U20"]
[Site "Yucay"]
[Date "2001.07.14"]
[Round "8"]
[White "Mansilla, Juan"]
[Black "Cubas, Jose Fernando"]
[Result "1/2-1/2"]
[WhiteElo "2326"]
[BlackElo "2290"]
[PlyCount "94"]
[EventDate "2001.07.07"]
[EventType "swiss"]
[EventRounds "11"]
[EventCountry "PER"]
[SourceTitle "EXT 2002"]
[Source "ChessBase"]
[SourceDate "2001.11.25"]
[SourceVersion "1"]
[SourceVersionDate "2001.11.25"]
[SourceQuality "1"]

1. e4 d5 2. exd5 Nf6 3. Bb5+ Bd7 4. Bc4 b5 5. Bb3 Bg4 6. f3 Bc8 7. Ne2 Bb7 8.
d4 Nxd5 9. Nbc3 a6 10. O-O e6 11. Nxd5 Bxd5 12. Be3 Be7 13. Bxd5 Qxd5 14. Nf4
Qd7 15. Qd2 O-O 16. Rad1 Rd8 17. Rfe1 Bg5 18. c3 Bxf4 19. Bxf4 Nc6 20. Qf2 Qd5
21. Ra1 Rd7 22. Qg3 f6 23. Re2 Ne7 24. Qe1 Ng6 25. Bg3 Re8 26. Qf2 Rde7 27. a3
e5 28. Rae1 exd4 29. Rxe7 Rxe7 30. Rxe7 Nxe7 31. cxd4 Qc4 32. Qd2 Nd5 33. Bf2
Kf7 34. g3 Qb3 35. Kg2 Nb6 36. Qf4 Qc2 37. b3 Nd5 38. Qe4 Qxe4 39. fxe4 Nc3 40.
Kf3 Nb1 41. Be1 Nxa3 42. Ke2 Nc2 43. Bc3 a5 44. Kd3 Nb4+ 45. Bxb4 axb4 46. Ke3
Ke6 47. Kf4 Kd6 1/2-1/2

[Event "Pan American-ch U20"]
[Site "Yucay"]
[Date "2001.07.14"]
[Round "9"]
[White "Cubas, Jose Fernando"]
[Black "Zambrana, Oswaldo"]
[Result "1/2-1/2"]
[WhiteElo "2290"]
[BlackElo "2301"]
[PlyCount "91"]
[EventDate "2001.07.07"]
[EventType "swiss"]
[EventRounds "11"]
[EventCountry "PER"]
[SourceTitle "EXT 2002"]
[Source "ChessBase"]
[SourceDate "2001.11.25"]
[SourceVersion "1"]
[SourceVersionDate "2001.11.25"]
[SourceQuality "1"]

1. e4 c5 2. Nf3 Nc6 3. d4 cxd4 4. Nxd4 Nf6 5. Nc3 e5 6. Ndb5 d6 7. a4 a6 8. Na3
d5 9. exd5 Nd4 10. Bg5 Bb4 11. Bd3 Qxd5 12. O-O Qc5 13. Bxf6 gxf6 14. Ne4 Qe7
15. c3 Bxa3 16. Rxa3 Ne6 17. Bc2 Nf4 18. c4 h5 19. Rb3 Bg4 20. Qd6 Qxd6 21.
Nxd6+ Ke7 22. c5 Rab8 23. Be4 b6 24. Nb7 f5 25. Bc6 bxc5 26. Re3 Ng6 27. f4
Rhc8 28. Bd5 Kf8 29. fxe5 Ne7 30. Bc4 Rxb7 31. Bxa6 Rcb8 32. Bxb7 Rxb7 33. Rc3
Rxb2 34. Rxc5 Be2 35. Ra1 Bd3 36. a5 Be4 37. a6 Rxg2+ 38. Kf1 Rxh2 39. Ra4 Nd5
40. a7 Ne3+ 41. Ke1 Bf3 42. a8=Q+ Bxa8 43. Rxa8+ Kg7 44. Ra7 Kg6 45. Rc6+ Kg5
46. Rc3 1/2-1/2

[Event "Pan American-ch U20"]
[Site "Yucay"]
[Date "2001.07.15"]
[Round "10"]
[White "Cubas, Jose Fernando"]
[Black "Felgaer, Ruben Alejandro"]
[Result "1/2-1/2"]
[WhiteElo "2290"]
[BlackElo "2471"]
[PlyCount "32"]
[EventDate "2001.07.07"]
[EventType "swiss"]
[EventRounds "11"]
[EventCountry "PER"]
[SourceTitle "EXT 2002"]
[Source "ChessBase"]
[SourceDate "2001.11.25"]
[SourceVersion "1"]
[SourceVersionDate "2001.11.25"]
[SourceQuality "1"]

1. e4 c5 2. f4 d5 3. Nc3 dxe4 4. Nxe4 e6 5. Nf3 Nf6 6. Bb5+ Nbd7 7. Qe2 Be7 8.
O-O O-O 9. Bxd7 Bxd7 10. Ne5 Qc7 11. d3 Nxe4 12. Qxe4 Rae8 13. Bd2 f6 14. Nxd7
Qxd7 15. Rae1 Bd8 16. Kh1 Qd5 1/2-1/2

[Event "Magistral BCX"]
[Site "Brasilia"]
[Date "2001.08.06"]
[Round "2"]
[White "Cubas, Jose Fernando"]
[Black "Limp, Eduardo Thelio"]
[Result "1-0"]
[WhiteElo "2290"]
[BlackElo "2418"]
[PlyCount "55"]
[EventDate "2001.08.05"]
[EventType "tourn"]
[EventRounds "9"]
[EventCountry "BRA"]
[EventCategory "4"]
[SourceTitle "CBM 083 Extra"]
[Source "ChessBase"]
[SourceDate "2001.09.11"]
[SourceVersion "1"]
[SourceVersionDate "2001.09.11"]
[SourceQuality "1"]

1. e4 b6 2. d4 Bb7 3. Bd3 e6 4. Nf3 c5 5. c3 Nf6 6. Qe2 Be7 7. dxc5 Bxc5 8. Bg5
h6 9. Bh4 Be7 10. Nbd2 d6 11. O-O Nbd7 12. Nd4 O-O 13. f4 Nc5 14. Bc2 d5 15.
Bxf6 Bxf6 16. e5 Ba6 17. Qg4 Be7 18. Rf3 f5 19. exf6 Bxf6 20. Qg6 Qd6 21. Re1
Bxd4+ 22. cxd4 Ne4 23. Nxe4 dxe4 24. Qxe4 Rad8 25. Qh7+ Kf7 26. f5 Qxd4+ 27.
Kh1 Ke8 28. Qg6+ 1-0

[Event "Magistral BCX"]
[Site "Brasilia"]
[Date "2001.08.07"]
[Round "3"]
[White "Needleman, Alejandro"]
[Black "Cubas, Jose Fernando"]
[Result "1/2-1/2"]
[WhiteElo "2381"]
[BlackElo "2290"]
[PlyCount "116"]
[EventDate "2001.08.05"]
[EventType "tourn"]
[EventRounds "9"]
[EventCountry "BRA"]
[EventCategory "4"]
[SourceTitle "CBM 083 Extra"]
[Source "ChessBase"]
[SourceDate "2001.09.11"]
[SourceVersion "1"]
[SourceVersionDate "2001.09.11"]
[SourceQuality "1"]

1. e4 d5 2. exd5 Nf6 3. d4 Bg4 4. Nf3 Qxd5 5. Be2 Nc6 6. c4 Qh5 7. d5 O-O-O 8.
Qb3 Ne5 9. Nxe5 Qxe5 10. Qe3 Qxe3 11. Bxe3 e6 12. Bxg4 Nxg4 13. dxe6 Nxe3 14.
fxe3 fxe6 15. Ke2 Bd6 16. Nd2 Rhf8 17. Rad1 Be5 18. b3 c5 19. h3 h6 20. Ne4
Rxd1 21. Rxd1 b6 22. Rf1 Rxf1 23. Kxf1 Kd7 24. Ke2 Ke7 25. Kf3 Kf7 26. Nf2 Ke7
27. g4 Kf6 28. Ne4+ Ke7 29. h4 Kf7 30. h5 Ke7 31. g5 Kf7 32. Nf2 Ba1 33. Kf4
hxg5+ 34. Kxg5 Bf6+ 35. Kf4 g6 36. hxg6+ Kxg6 37. Ng4 Bc3 38. Ne5+ Kf6 39. Nc6
a6 40. Ke4 a5 41. Kf4 Bb2 42. Na7 Bc3 43. Ke4 Be5 44. Nb5 Bh2 45. Nc3 Be5 46.
Na4 Bc7 47. Nb2 Be5 48. Nd3 Ba1 49. Nf2 Kg5 50. Nd3 Kf6 51. Kf4 Bc3 52. Nf2
Be5+ 53. Ke4 Ba1 54. Ng4+ Ke7 55. Kf4 Bb2 56. Kg5 Kf7 57. Kf4 Ke7 58. Nf2 Kf6
1/2-1/2

[Event "Magistral BCX"]
[Site "Brasilia"]
[Date "2001.08.07"]
[Round "4"]
[White "Cubas, Jose Fernando"]
[Black "Matsuura, Everaldo"]
[Result "1/2-1/2"]
[WhiteElo "2290"]
[BlackElo "2437"]
[PlyCount "90"]
[EventDate "2001.08.05"]
[EventType "tourn"]
[EventRounds "9"]
[EventCountry "BRA"]
[EventCategory "4"]
[SourceTitle "CBM 083 Extra"]
[Source "ChessBase"]
[SourceDate "2001.09.11"]
[SourceVersion "1"]
[SourceVersionDate "2001.09.11"]
[SourceQuality "1"]

1. e4 c5 2. f4 d5 3. Nc3 Nf6 4. Bb5+ Bd7 5. Bxd7+ Qxd7 6. e5 Ng8 7. Nf3 Nc6 8.
O-O Nh6 9. d3 Nf5 10. Bd2 e6 11. g4 Nfd4 12. Nxd4 Nxd4 13. Ne2 Nxe2+ 14. Qxe2
h5 15. h3 O-O-O 16. g5 Be7 17. h4 g6 18. a4 Kb8 19. Rfb1 Rc8 20. c3 Rc6 21. Qd1
Rhc8 22. b3 c4 23. bxc4 dxc4 24. d4 Ra6 25. Rb5 Rcc6 26. f5 exf5 27. Bf4 Ka8
28. Rab1 Rcb6 29. d5 Rxb5 30. Rxb5 Rb6 31. Qd4 Rxb5 32. axb5 Qxb5 33. Be3 b6
34. e6 fxe6 35. Qh8+ Kb7 36. Qg7 Qd7 37. Qxg6 exd5 38. Qf7 f4 39. Bd4 Qg4+ 40.
Kf1 Qd1+ 41. Kf2 Qd2+ 42. Kf1 Qd3+ 43. Kf2 Qg3+ 44. Kf1 Qf3+ 45. Kg1 Qg3+
1/2-1/2

[Event "Magistral BCX"]
[Site "Brasilia"]
[Date "2001.08.08"]
[Round "5"]
[White "Caldeira, Adriano"]
[Black "Cubas, Jose Fernando"]
[Result "1-0"]
[WhiteElo "2318"]
[BlackElo "2290"]
[PlyCount "99"]
[EventDate "2001.08.05"]
[EventType "tourn"]
[EventRounds "9"]
[EventCountry "BRA"]
[EventCategory "4"]
[SourceTitle "CBM 083 Extra"]
[Source "ChessBase"]
[SourceDate "2001.09.11"]
[SourceVersion "1"]
[SourceVersionDate "2001.09.11"]
[SourceQuality "1"]

1. e4 d5 2. exd5 Nf6 3. d4 Bg4 4. Nf3 Qxd5 5. Nc3 Qa5 6. h3 Bxf3 7. Qxf3 c6 8.
Bd2 Nbd7 9. Bc4 e6 10. O-O-O Qc7 11. Rhe1 O-O-O 12. g4 Nb6 13. Bf4 Bd6 14. Bxd6
Rxd6 15. Bb3 Rhd8 16. g5 Ne8 17. Re4 R6d7 18. Rh4 Nd6 19. Rxh7 g6 20. Ne2 Nf5
21. c3 a5 22. a4 Qd6 23. Ng3 Qf8 24. Nxf5 exf5 25. h4 Qg8 26. Rh6 c5 27. h5 Qe8
28. hxg6 fxg6 29. dxc5 Rxd1+ 30. Bxd1 Nc4 31. Rh7 Rd7 32. Rxd7 Qxd7 33. Qe2 b5
34. axb5 Qxb5 35. b3 Na3 36. Kb2 Qxc5 37. Qe3 Qxe3 38. fxe3 Nb5 39. Bh5 Kd7 40.
Bxg6 Ke6 41. Kc2 Ke5 42. Kd3 f4 43. exf4+ Kxf4 44. Kc4 Nc7 45. Kc5 Kxg5 46. Bf7
Kf6 47. Kc6 a4 48. bxa4 Na6 49. Bc4 Nb8+ 50. Kc7 1-0

[Event "Magistral BCX"]
[Site "Brasilia"]
[Date "2001.08.10"]
[Round "7"]
[White "Valle, Adriano"]
[Black "Cubas, Jose Fernando"]
[Result "1-0"]
[WhiteElo "2215"]
[BlackElo "2290"]
[PlyCount "79"]
[EventDate "2001.08.05"]
[EventType "tourn"]
[EventRounds "9"]
[EventCountry "BRA"]
[EventCategory "4"]
[SourceTitle "CBM 083 Extra"]
[Source "ChessBase"]
[SourceDate "2001.09.11"]
[SourceVersion "1"]
[SourceVersionDate "2001.09.11"]
[SourceQuality "1"]

1. Nf3 d5 2. d4 Nf6 3. c4 c6 4. Nc3 a6 5. c5 Bf5 6. Bf4 Nbd7 7. e3 e6 8. Nd2
Be7 9. Be2 h6 10. b4 O-O 11. O-O Ne8 12. Nb3 Bf6 13. Bg3 e5 14. a4 Bh7 15. Qd2
Nc7 16. b5 a5 17. b6 Ne6 18. Rae1 Bh4 19. Bd3 Bxg3 20. Bxh7+ Kxh7 21. fxg3 Qg5
22. Nd1 exd4 23. Qd3+ Qg6 24. Qxg6+ Kxg6 25. exd4 Nf6 26. Nf2 Kh7 27. Re3 h5
28. h3 Kg8 29. Re5 Rfd8 30. Rfe1 Rd7 31. Kh2 Nf8 32. Re7 Ne6 33. Rxd7 Nxd7 34.
Nd3 Nf6 35. Ne5 Ne4 36. Re3 f6 37. Ng6 Kf7 38. Nf4 Nxf4 39. gxf4 h4 40. f5 1-0

[Event "Magistral BCX"]
[Site "Brasilia"]
[Date "2001.08.11"]
[Round "8"]
[White "Coelho, Luis Henrique"]
[Black "Cubas, Jose Fernando"]
[Result "1-0"]
[WhiteElo "2223"]
[BlackElo "2290"]
[PlyCount "63"]
[EventDate "2001.08.05"]
[EventType "tourn"]
[EventRounds "9"]
[EventCountry "BRA"]
[EventCategory "4"]
[SourceTitle "CBM 083 Extra"]
[Source "ChessBase"]
[SourceDate "2001.09.11"]
[SourceVersion "1"]
[SourceVersionDate "2001.09.11"]
[SourceQuality "1"]

1. e4 d5 2. exd5 Nf6 3. Nf3 Qxd5 4. Nc3 Qa5 5. d4 Bg4 6. h3 Bxf3 7. Qxf3 c6 8.
Bd2 Nbd7 9. O-O-O e6 10. Bc4 Qc7 11. g4 Bd6 12. Rhe1 O-O 13. Bd3 Rfe8 14. g5
Nd5 15. Nxd5 cxd5 16. h4 Nb6 17. Kb1 Nc4 18. Bc1 Rac8 19. h5 Qb6 20. Re2 g6 21.
hxg6 hxg6 22. c3 Bf8 23. Bxc4 Rxc4 24. Bf4 Bg7 25. Be5 Bxe5 26. Rxe5 Rec8 27.
Rh1 Qd8 28. Qh3 Kf8 29. Qh8+ Ke7 30. Qf6+ Kd6 31. Qxf7 Qe7 32. Qxg6 1-0

[Event "Magistral BCX"]
[Site "Brasilia"]
[Date "2001.08.12"]
[Round "9"]
[White "Cubas, Jose Fernando"]
[Black "Galego, Luis"]
[Result "1/2-1/2"]
[WhiteElo "2290"]
[BlackElo "2467"]
[PlyCount "39"]
[EventDate "2001.08.05"]
[EventType "tourn"]
[EventRounds "9"]
[EventCountry "BRA"]
[EventCategory "4"]
[SourceTitle "CBM 083 Extra"]
[Source "ChessBase"]
[SourceDate "2001.09.11"]
[SourceVersion "1"]
[SourceVersionDate "2001.09.11"]
[SourceQuality "1"]

1. e4 e6 2. d4 d5 3. e5 Qd7 4. c3 b6 5. a4 Ba6 6. Bxa6 Nxa6 7. Qd3 Nb8 8. Nf3
c5 9. O-O Nc6 10. Be3 c4 11. Qc2 Nge7 12. Qd2 Na5 13. Ng5 h6 14. Nh3 Rc8 15.
Nf4 h5 16. h4 Nf5 17. g3 Be7 18. Qd1 g6 19. Nh3 Rc7 20. Bg5 1/2-1/2

[Event "Mar del Plata zt 2.5"]
[Site "Mar del Plata"]
[Date "2001.08.25"]
[Round "1"]
[White "Cubas, Jose Fernando"]
[Black "Rodriguez Vila, Andres"]
[Result "0-1"]
[WhiteElo "2290"]
[BlackElo "2504"]
[PlyCount "74"]
[EventDate "2001.08.25"]
[EventType "tourn"]
[EventRounds "10"]
[EventCountry "ARG"]
[EventCategory "6"]
[SourceTitle "EXT 2002"]
[Source "ChessBase"]
[SourceDate "2001.11.25"]
[SourceVersion "1"]
[SourceVersionDate "2001.11.25"]
[SourceQuality "1"]

1. e4 e6 2. d4 d5 3. e5 c5 4. c3 Nc6 5. Nf3 Bd7 6. Bd3 cxd4 7. cxd4 Qb6 8. O-O
Nxd4 9. Nxd4 Qxd4 10. Nc3 a6 11. Qe2 Ne7 12. Kh1 Nc6 13. f4 Bc5 14. a3 Ba7 15.
Bd2 g6 16. b4 Qb6 17. Qg4 Nd4 18. Be3 Qd8 19. Rad1 Rc8 20. Ne2 Nb5 21. Bxa7
Nxa7 22. f5 exf5 23. Bxf5 Bxf5 24. Rxf5 gxf5 25. Qg7 Rf8 26. Nf4 Rc6 27. g4 Qh4
28. Nxd5 Qxg4 29. Nc7+ Rxc7 30. Rd8+ Kxd8 31. Qxf8+ Kd7 32. Qd6+ Ke8 33. Qxc7
Qe4+ 34. Kg1 Qc6 35. Qb8+ Nc8 36. Kf2 Kd7 37. Ke3 Qc7 0-1

[Event "Mar del Plata zt 2.5"]
[Site "Mar del Plata"]
[Date "2001.08.25"]
[Round "2"]
[White "Felgaer, Ruben Alejandro"]
[Black "Cubas, Jose Fernando"]
[Result "0-1"]
[WhiteElo "2471"]
[BlackElo "2290"]
[PlyCount "102"]
[EventDate "2001.08.25"]
[EventType "tourn"]
[EventRounds "10"]
[EventCountry "ARG"]
[EventCategory "6"]
[SourceTitle "EXT 2002"]
[Source "ChessBase"]
[SourceDate "2001.11.25"]
[SourceVersion "1"]
[SourceVersionDate "2001.11.25"]
[SourceQuality "1"]

1. e4 c5 2. Nf3 a6 3. b4 cxb4 4. a3 bxa3 5. Bxa3 d6 6. d4 e6 7. Bd3 Be7 8. O-O
Nf6 9. Nbd2 Nc6 10. Qe2 e5 11. d5 Nb8 12. Nc4 Qc7 13. Nfd2 Nbd7 14. f4 exf4 15.
Rxf4 Ne5 16. Raf1 O-O 17. Kh1 b5 18. Ne3 Qc3 19. Nb1 Qa5 20. Bb2 Ra7 21. Nd2
Rc7 22. Nb3 Qb4 23. Ba1 Ng6 24. Rxf6 Bxf6 25. Bxf6 gxf6 26. Rxf6 a5 27. Nd2 a4
28. Rf1 a3 29. Nb3 Re8 30. Qf2 Qc3 31. Qg3 Qe5 32. Qe1 Qc3 33. Qg3 Qe5 34. Qe1
Qg5 35. Qa5 Rce7 36. Rf3 f5 37. Qxa3 fxe4 38. Rg3 Qf4 39. Bxb5 Bd7 40. Bxd7
Rxd7 41. Qc1 Rf7 42. Nd4 Ra8 43. Qe1 Qe5 44. c3 Rb8 45. Nc4 Qf4 46. h3 Kh8 47.
Ne6 Qf1+ 48. Qxf1 Rxf1+ 49. Kh2 Rbb1 50. Re3 h5 51. Rxe4 h4 0-1

[Event "Mar del Plata zt 2.5"]
[Site "Mar del Plata"]
[Date "2001.08.25"]
[Round "3"]
[White "Cubas, Jose Fernando"]
[Black "Rosito, Jorge"]
[Result "1/2-1/2"]
[WhiteElo "2290"]
[BlackElo "2400"]
[PlyCount "170"]
[EventDate "2001.08.25"]
[EventType "tourn"]
[EventRounds "10"]
[EventCountry "ARG"]
[EventCategory "6"]
[SourceTitle "EXT 2002"]
[Source "ChessBase"]
[SourceDate "2001.11.25"]
[SourceVersion "1"]
[SourceVersionDate "2001.11.25"]
[SourceQuality "1"]

1. e4 e5 2. d4 exd4 3. Qxd4 Nc6 4. Qe3 g6 5. Nc3 Bg7 6. Bd2 Nge7 7. O-O-O O-O
8. Bc4 Re8 9. Qg3 d6 10. Nh3 Ne5 11. Bb3 Bxh3 12. gxh3 Qd7 13. Nd5 Nxd5 14.
Bxd5 a5 15. a3 Qb5 16. Bc3 Re7 17. f4 Nc6 18. Qg5 Qc5 19. Rd3 Rae8 20. Bf6 Rxe4
21. Bxe4 Qxg5 22. fxg5 Rxe4 23. Rb3 Bxf6 24. gxf6 Nd8 25. Kd2 b6 26. Re1 Rxe1
27. Kxe1 h6 28. h4 Ne6 29. Kf2 Kf8 30. Rd3 Ke8 31. b4 axb4 32. axb4 Kd7 33. h5
g5 34. Re3 d5 35. Kg3 c5 36. bxc5 bxc5 37. Kg4 Kd6 38. Re1 c4 39. h3 Nd4 40. c3
Nb5 41. Re3 d4 42. cxd4 Nxd4 43. Re4 Kd5 44. Re7 Nc6 45. Kf3 Ne5+ 46. Ke3 g4
47. hxg4 Nxg4+ 48. Kf3 Nxf6 49. Rxf7 Ke6 50. Rc7 Nxh5 51. Rc6+ Kf5 52. Rc5+ Kg6
53. Kg4 Nf6+ 54. Kf4 c3 55. Rc6 Kf7 56. Kf5 Nd5 57. Ke5 Ne7 58. Rc7 c2 59. Kd6
c1=Q 60. Rxc1 Kf6 61. Rf1+ Nf5+ 62. Kd5 Kg5 63. Ke5 Ne3 64. Rg1+ Ng4+ 65. Ke4
h5 66. Kf3 Kf5 67. Ra1 Ne5+ 68. Kg3 Ke4 69. Kh4 Kd4 70. Kxh5 Ke4 71. Ra4+ Ke3
72. Kg5 Nf3+ 73. Kf5 Nd4+ 74. Ke5 Nf3+ 75. Kd5 Ng5 76. Rg4 Nf3 77. Rg8 Kf4 78.
Rf8+ Ke3 79. Re8+ Kf4 80. Re4+ Kf5 81. Ra4 Kg5 82. Ra1 Kf4 83. Ra4+ Kf5 84. Rb4
Nd2 85. Rb8 Kf4 1/2-1/2

[Event "Mar del Plata zt 2.5"]
[Site "Mar del Plata"]
[Date "2001.08.25"]
[Round "4"]
[White "Kanefsck, Gustavo"]
[Black "Cubas, Jose Fernando"]
[Result "0-1"]
[WhiteElo "2396"]
[BlackElo "2290"]
[PlyCount "86"]
[EventDate "2001.08.25"]
[EventType "tourn"]
[EventRounds "10"]
[EventCountry "ARG"]
[EventCategory "6"]
[SourceTitle "EXT 2002"]
[Source "ChessBase"]
[SourceDate "2001.11.25"]
[SourceVersion "1"]
[SourceVersionDate "2001.11.25"]
[SourceQuality "1"]

1. e4 d5 2. exd5 Nf6 3. d4 Bg4 4. Nf3 Qxd5 5. Be2 Nc6 6. O-O O-O-O 7. Be3 Qh5
8. Nbd2 e5 9. h3 Bb4 10. Re1 Rhe8 11. c3 exd4 12. cxd4 Bxf3 13. Bxf3 Qb5 14. a3
Ba5 15. b4 Bb6 16. Bxc6 Qxc6 17. Nf3 Nd5 18. Rc1 Qb5 19. Qc2 g6 20. Ne5 f6 21.
Nc4 Re6 22. Qe2 Kb8 23. Qf3 Rde8 24. Red1 Qd7 25. a4 Nxe3 26. Nxe3 Qxa4 27. Nd5
f5 28. Nxb6 Rxb6 29. Qd5 Qxb4 30. Qf7 Qe7 31. Qd5 Rd8 32. Qf3 Qe4 33. Qg3 f4
34. Qh4 Rbd6 35. Qxh7 R6d7 36. Qh4 Qe5 37. g3 g5 38. Qh6 Rxd4 39. Rxd4 Qxd4 40.
Qh7 c5 41. Qf5 Rc8 42. Re1 c4 43. Re4 Qd8 0-1

[Event "Mar del Plata zt 2.5"]
[Site "Mar del Plata"]
[Date "2001.08.25"]
[Round "5"]
[White "Cubas, Jose Fernando"]
[Black "Tempone, Marcelo"]
[Result "1-0"]
[WhiteElo "2290"]
[BlackElo "2437"]
[PlyCount "61"]
[EventDate "2001.08.25"]
[EventType "tourn"]
[EventRounds "10"]
[EventCountry "ARG"]
[EventCategory "6"]
[SourceTitle "EXT 2002"]
[Source "ChessBase"]
[SourceDate "2001.11.25"]
[SourceVersion "1"]
[SourceVersionDate "2001.11.25"]
[SourceQuality "1"]

1. e4 c6 2. d4 d5 3. e5 Bf5 4. c3 e6 5. Be3 Ne7 6. Nd2 Nd7 7. f4 Bg6 8. Ngf3 a6
9. Bf2 Qc7 10. Be2 c5 11. Rc1 b5 12. O-O Nc6 13. Nh4 Be7 14. Nxg6 hxg6 15. g4
cxd4 16. cxd4 Nb6 17. f5 gxf5 18. gxf5 exf5 19. Qc2 Rh6 20. Be3 Rg6+ 21. Kh1
Qd7 22. Bh5 Nd8 23. Bxg6 fxg6 24. Rg1 Qe6 25. Nf3 Rc8 26. Qg2 Rxc1 27. Bxc1 Kd7
28. Bg5 Nc6 29. Bxe7 Nxe7 30. Nh4 f4 31. Nxg6 1-0

[Event "Mar del Plata zt 2.5"]
[Site "Mar del Plata"]
[Date "2001.08.25"]
[Round "6"]
[White "Cristobal, Ruben"]
[Black "Cubas, Jose Fernando"]
[Result "0-1"]
[WhiteElo "2342"]
[BlackElo "2290"]
[PlyCount "98"]
[EventDate "2001.08.25"]
[EventType "tourn"]
[EventRounds "10"]
[EventCountry "ARG"]
[EventCategory "6"]
[SourceTitle "EXT 2002"]
[Source "ChessBase"]
[SourceDate "2001.11.25"]
[SourceVersion "1"]
[SourceVersionDate "2001.11.25"]
[SourceQuality "1"]

1. Nf3 d5 2. d4 Nf6 3. Bg5 Nbd7 4. e3 e6 5. Nbd2 Be7 6. Bd3 O-O 7. O-O h6 8.
Bh4 c5 9. c3 b6 10. Qe2 Bb7 11. Ne5 Nxe5 12. dxe5 Ne4 13. Bxe7 Qxe7 14. Rad1
Rad8 15. f4 Bc6 16. Nf3 b5 17. Qc2 Rc8 18. a3 a5 19. Rb1 a4 20. Rfd1 Rfd8 21.
Rbc1 Qb7 22. Qe2 Qb6 23. Qe1 Rd7 24. Rc2 Rcd8 25. h3 Bb7 26. Nh2 d4 27. exd4
cxd4 28. c4 Nc5 29. cxb5 Nxd3 30. Rxd3 Qxb5 31. Rcd2 Ba6 32. Rg3 Qc5 33. Ng4
Kh8 34. Kh2 Rc8 35. Qd1 Qc1 36. Qxc1 Rxc1 37. Nf2 d3 38. Ne4 Rdc7 39. Rf3 R1c2
40. Rff2 Rxd2 41. Rxd2 Rc2 42. Rd1 Bb7 43. Nd2 Kg8 44. Kg3 Kf8 45. Nf3 Be4 46.
Nd2 Bd5 47. Nf3 Rxb2 48. Rxd3 Rb3 49. Ne1 Be4 0-1

[Event "Mar del Plata zt 2.5"]
[Site "Mar del Plata"]
[Date "2001.08.25"]
[Round "8"]
[White "Cubas, Jose Fernando"]
[Black "Roselli Mailhe, Bernardo"]
[Result "1/2-1/2"]
[WhiteElo "2290"]
[BlackElo "2428"]
[PlyCount "54"]
[EventDate "2001.08.25"]
[EventType "tourn"]
[EventRounds "10"]
[EventCountry "ARG"]
[EventCategory "6"]
[SourceTitle "EXT 2002"]
[Source "ChessBase"]
[SourceDate "2001.11.25"]
[SourceVersion "1"]
[SourceVersionDate "2001.11.25"]
[SourceQuality "1"]

1. e4 e5 2. d4 Nc6 3. dxe5 Nxe5 4. f4 Ng6 5. Nf3 Bc5 6. Bc4 Qe7 7. Qe2 d6 8.
Nc3 c6 9. a4 Nf6 10. Bd2 O-O 11. O-O-O a6 12. f5 Ne5 13. Nxe5 Qxe5 14. Qf3 d5
15. exd5 Qxf5 16. Qxf5 Bxf5 17. dxc6 bxc6 18. Rde1 Bb4 19. Re5 Bg6 20. Ne4 Nd7
21. Bxb4 Nxe5 22. Bxf8 Nxc4 23. Nd6 Ne3 24. Be7 Nxc2 25. Nc4 Nd4 26. Kd2 Re8
27. Bc5 Re6 1/2-1/2